[Event "6th Vardaris Open 2020"]
[Site "Thessaloniki"]
[Date "2020.02.29"]
[Round "3.20"]
[White "Leftheriotis, Alexandros"]
[Black "Giannoulakis, Lampros"]
[Result "0-1"]
[WhiteElo "1918"]
[BlackElo "2266"]
[Annotator "TA"]
[PlyCount "108"]
[EventDate "2020.02.27"]
[EventType "swiss"]
[EventCountry "GRE"]
[SourceTitle "playchess.com"]
[Source "ChessBase"]
[SourceQuality "1"]

{[%evp 20,108,33,31,30,23,18,26,32,9,25,31,31,22,28,18,13,24,19,20,22,14,34,-37,47,-45,29,-27,88,0,13,0,0,0,0,-28,0,4,49,0,0,0,0,-368,-83,-68,-71,-124,-143,-133,-143,-130,-139,-214,-215,-235,-220,-232,-231,-277,-293,-276,-221,-226,-213,-299,-298,-365,-266,-309,-311,-310,-291,-270,-202,-346,-345,-470,-475,-565,-550,-535,-527,-527,-272,-381,-343,-346,-275,-1083,-1050]} 1. e4 e5 2. Nf3 Nc6 3. Bb5 a6 4. Ba4 Nf6 5. O-O Be7 6. Re1 b5 7. Bb3 O-O 8. c3 d6 9. h3 Bb7 10. d4 Nd7 11. Nbd2 {[%cal Bb1d2,Bd2f1,Bf1g3][%mdl 32]} exd4 {C92: Closed Ruy Lopez: 9...Be6, Karpov and Flohr-Zaitsev Variations.} 12. cxd4 Bf6 13. Nf1 Re8 {White has an edge.} 14. Ng3 Na5 15. Bc2 g6 16. Rb1 c5 17. d5 Nc4 18. b3 Nce5 19. Nh2 {Threatens to win with f4.} c4 {[#]} 20. Be3 $146 ({Predecessor:} 20. f4 Nd3 21. Bxd3 cxd3 22. Nf3 h5 23. b4 a5 24. a3 axb4 25. axb4 Nb6 26. Qxd3 {1-0 (55) Abdumalik,Z (2390)-Muzychuk,A (2549) Cap d'Agde 2015}) 20... Rc8 21. Rf1 (21. f4 $14) 21... Ba8 (21... Bg7 $15) 22. Bd4 (22. f4 $14) 22... Nc5 (22... h5 $15) 23. Qd2 ({White should play} 23. bxc4 Nxc4 24. Ng4) 23... Ncd3 (23... h5 $11 {keeps the balance.}) 24. bxc4 (24. Bxd3 $16 Nxd3 25. Bxf6 Qxf6 26. Ng4) 24... Rxc4 $11 25. Be3 Nc5 26. f4 Ned7 {White must now prevent ...Bh4.} 27. Ng4 Bg7 (27... Bh4 $5 {[%cal Rh4g3]} 28. Bf2 Bxg3 29. Bxg3 Nxe4 30. Bxe4 Rexe4 $11) 28. f5 Qh4 29. Rf3 (29. fxg6 hxg6 30. Qf2 Rf8 $11) 29... Ne5 30. Nxe5 Bxe5 31. Bd3 $2 {[%mdl 8192]} (31. Bf2 $11 {and White stays safe.}) 31... Nxd3 $2 (31... Bxg3 $19 {has better winning chances.} 32. Bxc4 Nxe4 33. fxg6 hxg6) 32. Bg5 $17 {[#]} Bf4 $1 {[%mdl 512]} 33. Bxf4 {Black keeps a firm grip on the game.} ({White should try} 33. Bxh4 Bxd2 34. Rxd3) (33. Rxf4 Qxg5) 33... Nxf4 34. Qxf4 Qxf4 35. Rxf4 {[#]} Bxd5 $1 {[%mdl 576] Pin} 36. fxg6 (36. Rd1 $17 Bxe4 37. Rxd6) (36. exd5 Rxf4) 36... hxg6 $19 ({Much less strong is} 36... fxg6 37. Rd1 $17) 37. Rd1 {[#]} Be6 $1 ({Resist} 37... Bxe4 38. Rxd6 Bb7 39. Rf2) 38. Rxd6 Ra4 39. Rf2 Bxa2 40. h4 Be6 41. h5 Ra1+ 42. Rf1 (42. Kh2 $142) 42... Rxf1+ 43. Kxf1 {[%mdl 4096] Endgame KRB-KRN} Bc4+ 44. Kf2 Re6 45. Rd8+ Kg7 46. Ke3 a5 {[%cal Ba6a5,Ba5a4][%mdl 32]} 47. Kd4 (47. Ra8 {is a better defense.}) 47... a4 48. Ra8 Rd6+ 49. Ke5 Rd3 50. Ne2 {and the idea hxg6 leaves White hopeful.} f6+ 51. Kf4 Rd2 52. Ra7+ (52. Ng3 $142 Rf2+ 53. Ke3 Rxg2 54. Ra7+ Kh6 55. Kf3) 52... Kh6 53. Ng3 {If only White now had time for hxg6....} Rf2+ ({Don't take} 53... Rxg2 54. Ra6 $19) 54. Kg4 $2 (54. Ke3 Rxg2 55. Kf3) 54... Be6+ {Accuracy: White = 46%, Black = 58%.} 0-1

[Event "6th Vardaris Open 2020"]
[Site "Thessaloniki"]
[Date "2020.02.29"]
[Round "4.1"]
[White "Lu, Shanglei"]
[Black "Gouloutis, Nikolaos"]
[Result "1-0"]
[WhiteElo "2615"]
[BlackElo "2347"]
[Annotator "TA"]
[PlyCount "83"]
[EventDate "2020.02.27"]
[EventType "swiss"]
[EventCountry "GRE"]
[SourceTitle "playchess.com"]
[Source "ChessBase"]
[SourceQuality "1"]

{[%evp 9,83,23,37,25,36,31,32,0,0,0,0,0,1,0,0,0,35,0,21,-61,76,59,66,76,68,69,87,82,158,160,156,136,126,104,103,74,69,93,176,162,251,238,243,229,250,244,247,245,258,260,313,302,338,324,359,352,347,338,350,342,406,364,365,368,394,399,498,477,542,543,636,635,627,627,573,556]} 1. e4 c6 2. d4 d5 3. e5 Bf5 4. h4 a6 5. g4 Bd7 6. Nc3 {B12: Caro-Kann: Advance Variation.} Qc7 7. Be3 e6 8. Nf3 {White is slightly better.} c5 9. dxc5 Bxc5 10. Bxc5 Qxc5 11. Qd2 $36 {[%mdl 2048] [#] White has the initiative.} Ne7 $146 ({Predecessor:} 11... Nc6 12. O-O-O O-O-O 13. Bd3 Nge7 14. Rde1 h5 15. gxh5 Rxh5 16. Ng5 Be8 17. f4 Kb8 {½-½ (35) Popov,I (2596)-Evdokimov,A (2495) Sochi 2016}) 12. O-O-O Qc7 13. Bd3 (13. Qg5 $5 {[%cal Rg5g7]}) 13... Nbc6 14. Qg5 (14. Rhe1 $11) 14... Ng6 (14... O-O-O $1 $15 {keeps the upper hand.}) 15. Bxg6 $1 $16 fxg6 16. h5 $1 O-O 17. hxg6 h6 $1 {[%cal Rh6g5]} ({Avoid the trap} 17... Rxf3 $2 18. Rxh7 Rh3 19. Rxh3 $18) 18. Qe3 Rxf3 (18... Be8 $142) 19. Qxf3 {[#] Qf7+ would kill now.} Rf8 20. Qg2 {Strongly threatening Nxd5!} Qxe5 21. Kb1 Qg5 22. Ne2 (22. Ne4 {is interesting.} Qxg6 23. Nc5 Bc8 24. Rhe1 Rf4 25. Qh2) 22... Qxg6 23. f4 Ne7 (23... e5 $16 {was worth a try.}) 24. Qg3 Nc8 (24... Rc8 {was necessary.}) 25. g5 $18 h5 26. Qh3 Nd6 27. Qxh5 Qxh5 28. Rxh5 Be8 29. Rh3 Bg6 30. Rdh1 Nf7 31. Nd4 Re8 32. Re1 Be4 33. Rb3 Re7 34. Rb6 Nd8 35. a4 Kf7 36. Kc1 Rc7 37. Rd6 Rc8 {Now ...Ke7 and Black clings on.} 38. Rd7+ {White is clearly winning.} Kg6 39. c3 b5 40. axb5 axb5 41. Nxb5 Ra8 42. Nd6 {Accuracy: White = 88%, Black = 59%.} 1-0

[Event "6th Vardaris Open 2020"]
[Site "Thessaloniki"]
[Date "2020.02.29"]
[Round "4.2"]
[White "Nesteretz, Anatoliy"]
[Black "Zeng, Chongsheng"]
[Result "0-1"]
[WhiteElo "2385"]
[BlackElo "2567"]
[Annotator "TA"]
[PlyCount "84"]
[EventDate "2020.02.27"]
[EventType "swiss"]
[EventCountry "GRE"]
[SourceTitle "playchess.com"]
[Source "ChessBase"]
[SourceQuality "1"]

{[%evp 10,84,29,22,31,31,54,27,39,28,27,27,36,8,25,25,28,33,41,41,41,41,41,47,38,28,31,33,72,51,51,51,52,55,49,29,29,4,27,21,25,-3,0,-11,-3,-14,0,-22,7,4,10,-1,0,0,0,0,0,0,0,0,0,0,237,221,254,207,238,-177,-156,-1121,-1109,-962,-929,-29980,-29981,-29986,-29987]} 1. e4 c5 2. Nf3 d6 3. d4 cxd4 4. Qxd4 a6 5. c4 Nc6 6. Qe3 Nf6 {B53: Sicilian: 2...d6: Lines with Qxd4.} 7. h3 e6 {is the legacy move (7...g6).} 8. Bd3 Be7 {White has an edge.} 9. O-O O-O 10. Nc3 {[#]} b6 $146 ({Predecessor:} 10... Nd7 11. b3 Bf6 12. Bb2 Nde5 13. Rfd1 Nxf3+ 14. Qxf3 Bd4 15. Rd2 e5 16. Rad1 Be6 {1-0 (29) Stevic,H (2600)-Felsberger,A (2341) Austria 2016}) 11. Qe2 Bb7 12. a3 Nd7 13. Be3 Bf6 14. Rac1 Nc5 15. b4 Nb3 16. Rb1 Nbd4 17. Nxd4 Nxd4 18. Qd2 a5 19. Rfd1 axb4 20. axb4 Bc6 21. Bf1 e5 22. Nd5 Bxd5 $1 23. exd5 {[%cal Re3d4]} Qd7 24. f4 Ra3 25. fxe5 dxe5 26. Bd3 b5 27. Rf1 (27. Bxd4 $5 exd4 28. c5 Qxd5 29. Qc2 $11) 27... Rfa8 {And now ...e4! would win.} 28. Rbd1 Qd8 29. Bxd4 exd4 30. Rxf6 Qxf6 31. c5 Ra2 32. Qe1 {[#]} Qg5 $1 {[%csl Ga2][%cal Rg5g2]} 33. Qe4 {Strongly threatening d6.} f5 $1 {[%cal Rf5e4]} 34. Qe6+ Kh8 {[%csl Ga2][%cal Rg5g2]} 35. Bf1 {Hoping for d6.} f4 $2 (35... Qe3+ $1 $11 {and Black stays safe.} 36. Qxe3 dxe3 37. Bxb5 Kg8) 36. Qe4 {[%mdl 1024] White has strong compensation.} Rf8 {aiming for ...f3.} 37. Qf3 Qe5 {[#]} 38. Rd3 $4 {[%mdl 8192]} (38. d6 $1 $18 {is the narrow road to win.}) 38... Rb2 $19 39. Rb3 $2 {Now White is beyond hope.} (39. Rd1 $17) 39... Rxb3 40. Qxb3 {[#]} f3 $1 41. gxf3 Qg3+ {[%mdl 64] Double Attack} 42. Bg2 Re8 {Accuracy: White = 65%, Black = 88%.} 0-1

[Event "6th Vardaris Open 2020"]
[Site "Thessaloniki"]
[Date "2020.02.29"]
[Round "4.3"]
[White "Santiago, Yago De Moura"]
[Black "Koutlas, Nikolaos"]
[Result "1-0"]
[WhiteElo "2488"]
[BlackElo "2030"]
[Annotator "TA"]
[PlyCount "59"]
[EventDate "2020.02.27"]
[EventType "swiss"]
[EventCountry "GRE"]
[SourceTitle "playchess.com"]
[Source "ChessBase"]
[SourceQuality "1"]

{[%evp 9,59,30,28,11,34,29,24,27,27,27,32,18,110,45,159,151,160,161,150,117,120,121,152,117,143,113,105,104,118,93,104,76,174,173,174,66,70,60,143,119,121,94,151,153,497,478,983,993,956,943,1279,433]} 1. d4 Nf6 2. Nf3 d5 3. c4 e6 4. Nc3 a6 5. cxd5 exd5 6. Qb3 {D37: Queen's Gambit Declined: 5 Bf4.} Be7 7. Bg5 c6 8. e3 {White has an edge.} O-O 9. Bd3 Re8 10. O-O {[#]} Ne4 $146 (10... Nbd7 $11 {remains equal.}) ({Predecessor:} 10... Nbd7 11. h3 Nh5 12. Bxe7 Rxe7 13. Rad1 Nhf6 14. Qc2 Nf8 15. b4 Qd6 16. Rb1 Ng6 {0-1 (67) Ivanisevic,I (2633)-Drazic,S (2415) Skopje 2014}) 11. Bf4 (11. Nxe4 $6 dxe4 12. Ne5 exd3 $11) (11. Bxe4 $16 {aiming for Bxe7.} Bxg5 12. Nxd5 (12. Nxg5 Qxg5 13. Bf3 Qe7 $14)) 11... Bd6 (11... Nf6 $14) 12. Bxe4 $16 {Black must now prevent Bxd6.} dxe4 13. Ng5 Qe7 14. Nxf7 Be6 15. Bxd6 Qxf7 16. Qc2 Bc4 17. Rfe1 Bd3 18. Qd2 Nd7 19. Bg3 c5 20. f3 Qg6 {[#]} (20... c4 $16 {was necessary.}) 21. Nd5 $1 $18 ({Much less strong is} 21. fxe4 Bxe4 22. Nxe4 Qxe4 $16) 21... cxd4 22. fxe4 (22. exd4 $18 {And now fxe4 would win.} Rad8 23. Qb4) 22... Bxe4 $14 23. Nc7 {[%mdl 64] Double Attack} Rac8 ({Better is} 23... d3 $14) 24. exd4 Red8 25. Rac1 Nb6 {[#]} (25... Nf6 $142) 26. d5 $1 $16 {[%mdl 512] Hoping for Qd4.} Nxd5 $2 {Now Black is done in.} (26... Nd7 $16 27. d6 Nf6) 27. Nxd5 $18 {White is clearly winning.} Rxc1 (27... Bxd5 $142 28. Rxc8 {[%mdl 64] Overworked Piece} Rxc8 29. Qxd5+ {[%mdl 64] Double Attack} Qf7) 28. Ne7+ {[%mdl 64] Double Attack, Discovered Attack, Zwischenzug} ({And not} 28. Rxc1 Rxd5 29. Rc8+ Kf7 $11) 28... Kf7 29. Qxc1 ({Less strong is} 29. Nxg6 Rxd2 30. Ne5+ Ke6 $16) 29... Kxe7 30. Qe3 {Accuracy: White = 55%, Black = 42%.} (30. Qf4 $142 Rd6 31. Rxe4+ Kd7 32. Re1) 1-0

[Event "6th Vardaris Open 2020"]
[Site "Thessaloniki"]
[Date "2020.02.29"]
[Round "4.4"]
[White "Krysa, Leandro"]
[Black "Ladopoulos, Dimitrios"]
[Result "1-0"]
[WhiteElo "2523"]
[BlackElo "2253"]
[Annotator "TA"]
[PlyCount "93"]
[EventDate "2020.02.27"]
[EventType "swiss"]
[EventCountry "GRE"]
[SourceTitle "playchess.com"]
[Source "ChessBase"]
[SourceQuality "1"]

{[%evp 11,93,10,21,7,21,15,50,60,61,49,49,15,61,69,76,69,60,56,71,69,60,-53,-70,-60,-77,-65,-83,-82,-82,-76,-71,-64,-68,-75,0,0,0,0,0,0,0,-1,0,0,0,-1,-7,-161,0,0,0,0,0,0,98,100,93,-60,-50,-67,-45,-113,-126,-637,-607,-618,-607,-588,-149,-139,-143,-129,-73,-133,0,0,1347,679,1618,0,2164,2025,1595,1451]} 1. d4 e6 2. c4 b6 3. a3 Bb7 4. Nc3 f5 5. d5 Nf6 6. g3 Bd6 7. Bg2 {A40: Unusual replies to 1 d4.} O-O 8. Nf3 Qe7 9. O-O {White is slightly better.} Na6 10. b4 c6 {[%cal Rc6d5] [#]} 11. Nd4 $146 {[%cal Rd5c6]} ({Predecessor:} 11. dxc6 dxc6 12. Qb3 Kh8 13. Nd4 Rac8 14. Rb1 Be5 15. Rd1 Qf7 16. Nf3 Bb8 17. Ng5 {½-½ (40) Duquesnoy,J (2259)-Bolding,K (2310) Marseille 2007}) 11... c5 12. Ndb5 cxb4 13. axb4 Nxb4 (13... Bxb4 $2 14. d6 $18) 14. Qb3 Na6 15. Be3 Ng4 16. c5 (16. Bg5 $14 Nf6 17. Nxd6 Qxd6 18. Nb5) 16... Bxc5 $15 17. d6 Qf6 18. Bxb7 Bxe3 19. Bxa8 {Strongly threatening Bf3.} (19. Bxa6 $2 Qh6 $19) 19... Qh6 $1 {[%csl Gg4][%cal Rh6h2]} 20. h4 Bxf2+ $1 {[%mdl 64] Remove Defender, Decoy} 21. Rxf2 Qe3 {[%mdl 64] Double Attack, Pin} 22. Raf1 Rxa8 (22... Qxg3+ $17 23. Rg2 Qe3+ 24. Kh1 Qh3+ 25. Kg1 Qe3+ 26. Kh1 Qh3+ 27. Kg1 Rxa8) 23. Kg2 $11 {Rxf5 is the strong threat.} Nc5 24. Qb4 Nxf2 25. Rxf2 a6 26. Nc7 $132 {[%mdl 2048] White is not holding back} Rb8 $1 27. Rf3 Qe5 28. h5 h6 29. g4 $2 (29. Kf2 $11 {and White stays safe.}) 29... Qxd6 $2 ({Black should try} 29... fxg4 $1 $19 30. Rg3 Qxh5 31. Rxg4 Rf8) 30. Nxa6 $1 fxg4 31. Rg3 Qc6+ 32. Kh2 Nxa6 (32... Rf8 $11 {keeps the balance.} 33. Qxg4 Rf2+ 34. Kg1 Rf7) 33. Qxg4 $16 {[%csl Gg3][%cal Rg4g7]} g5 {aiming for ...Nc5.} 34. Ne4 $2 (34. hxg6 $16 Rf8 35. Qh4 Rf2+ 36. Kg1) 34... Qb5 $1 $15 {[%cal Rb5e5] Hoping for ...Qe5.} 35. Nf6+ Kg7 (35... Kf7 $5 {[%cal Rf7f6]} 36. Qd4 Qc5 $17) 36. Qd4 Qc5 $1 {[%cal Rc5d4]} ({Wrong is} 36... Qxe2+ $2 37. Rg2 $1 $18 {[%mdl 512]}) 37. Qxd7+ $2 {[%mdl 8192]} (37. Ne8+ $17 Kf8 38. Rf3+ Kxe8 39. Qh8+ Ke7 40. Qf6+ Kd6 41. Rd3+ Kc6 42. Rc3) 37... Kxf6 $19 38. Rf3+ Ke5 39. Qg7+ {[#]} Ke4 $2 (39... Kd5 $1 $19 {is more deadly.} 40. Qxh6 Qd6+ 41. Rg3 Kc6 42. Qxg5 Nc5) 40. Qh7+ Kd5 41. Qd3+ {[#]} Qd4 (41... Kc6 $142 $1 42. Qxa6 Qe5+ 43. Kg2 Qd4) 42. Qxa6 ({Better is} 42. Qb5+ Ke4 43. Qxa6) 42... Qh4+ ({Black should play} 42... Kc6 $17 {And now ...Rd8 would win.} 43. Qa2 Qe5+ 44. Kg1 Rc8) 43. Kg2 $11 Qg4+ $2 {[%mdl 8192]} (43... Qxh5 44. Qb5+ Kd6 45. Qb4+ Kd5 46. Qd2+ Ke4 47. Qd3+ Ke5 48. Qc3+ Kd5 49. Rd3+ Ke4 50. Re3+ Kf5 51. Qe5+ Kg6 52. Qxe6+ Kg7 53. Qe5+ {[%mdl 64] Double Attack} Kg6 54. Qd6+ Kg7 55. Re7+ Qf7 56. Rxf7+ Kxf7 57. Qxb8) (43... Qe4 $11 44. Kg1 Qb4) 44. Kf1 $18 Qe4 {White should prevent ...g4.} 45. Qa7 $2 ({White must play} 45. Qb5+ $18 Kd6 46. Rd3+ Ke7 47. Qd7+ Kf6 48. Rf3+ Qxf3+ 49. exf3) 45... Rg8 $2 {[%mdl 8192]} (45... Qe5 $11) 46. Qb7+ Ke5 47. Qc7+ {Accuracy: White = 66%, Black = 79%.} 1-0

[Event "6th Vardaris Open 2020"]
[Site "Thessaloniki"]
[Date "2020.02.29"]
[Round "4.5"]
[White "Gu, Tianlu"]
[Black "Marin, Mihail"]
[Result "1/2-1/2"]
[WhiteElo "2253"]
[BlackElo "2502"]
[Annotator "TA"]
[PlyCount "68"]
[EventDate "2020.02.27"]
[EventType "swiss"]
[EventCountry "GRE"]
[SourceTitle "playchess.com"]
[Source "ChessBase"]
[SourceQuality "1"]

{[%evp 14,68,10,23,25,16,18,0,0,6,6,0,0,-13,-12,-10,-4,-8,0,0,0,0,0,0,0,0,0,0,0,0,0,0,0,-3,0,0,0,0,0,0,0,0,0,0,0,0,0,0,0,0,0,0,0,0,0,0,0]} 1. e4 d6 2. d4 Nf6 3. Nc3 g6 4. Nf3 Bg7 5. Be2 O-O 6. O-O c6 7. e5 dxe5 8. Nxe5 Be6 {B08: Pirc Defence: Classical System.} 9. Bf4 Nbd7 {The position is equal.} 10. Bf3 Nd5 11. Nxd5 Bxd5 12. Re1 Nxe5 13. dxe5 Bxf3 14. Qxf3 {[#]} Qd5 $146 ({Predecessor:} 14... Qb6 15. Qa3 Qd4 16. g3 e6 17. Rad1 Qc4 18. Rd7 b5 19. c3 a5 20. Rd4 b4 21. Rxc4 bxa3 22. bxa3 {1-0 (56) Spangenberg,H (2305)-Zuccotti,E Buenos Aires 1992}) 15. Qb3 Qxb3 16. axb3 Rfd8 17. Red1 Kf8 18. Kf1 {Hoping for Rxd8+.} Rxd1+ 19. Rxd1 $11 {[%mdl 4096] Endgame KRB-KRB} Ke8 20. Ke2 Rd8 21. Rxd8+ Kxd8 {KB-KB} 22. Kd3 Kd7 23. Ke4 Ke6 24. b4 f5+ 25. exf6 exf6 26. Be3 f5+ {[%mdl 64] [#] Discovered Attack} 27. Kd3 a6 28. c3 b5 29. f3 Be5 30. h3 Kd5 31. Bf2 Bd6 32. Bd4 Bf4 33. Bf2 Bd6 34. Bd4 Bf4 {A rather calm draw. Accuracy: White = 100%, Black = 100%.} 1/2-1/2

[Event "6th Vardaris Open 2020"]
[Site "Thessaloniki"]
[Date "2020.02.29"]
[Round "4.6"]
[White "Stoinev, Metodi"]
[Black "Vestby-Ellingsen, Mads"]
[Result "1/2-1/2"]
[WhiteElo "2206"]
[BlackElo "2357"]
[Annotator "RC"]
[PlyCount "138"]
[EventDate "2020.02.27"]
[EventType "swiss"]
[EventCountry "GRE"]
[SourceTitle "playchess.com"]
[Source "ChessBase"]
[SourceQuality "1"]
[TimeControl "6000+30"]

1. e4 c5 2. Nf3 e6 3. c3 Nf6 4. e5 Nd5 5. Bc4 Nb6 6. Bb3 d6 7. exd6 Bxd6 8. d4 O-O 9. O-O Nc6 10. dxc5 Bxc5 11. Qe2 Qc7 12. Nbd2 Bd7 13. Ne4 Be7 14. Bg5 Bxg5 15. Nexg5 h6 16. Ne4 Ne5 17. Nd4 a6 18. Rfe1 Ng6 19. g3 e5 20. Qh5 Nf4 21. gxf4 exd4 22. Qe5 Qxe5 23. fxe5 dxc3 24. bxc3 Bc6 25. Nd6 Nd5 26. Bxd5 Bxd5 27. c4 Bc6 28. f4 Rad8 29. c5 g6 30. Rad1 Rd7 31. h4 h5 32. Rd3 Rfd8 33. Kf2 Re7 34. Ree3 Re6 35. Rg3 Rd7 36. Rde3 Kh7 37. Rg5 f6 38. Rg1 fxe5 39. fxe5 Rd8 40. Kg3 Rf8 41. Rb1 Re7 42. a3 g5 43. hxg5 Kg6 44. e6 Kxg5 45. Re5+ Kg6 46. Rg1 Rf3+ 47. Kh4+ Kf6 48. Rxh5 Rf4+ 49. Rg4 Rxg4+ 50. Kxg4 Kxe6 51. Kf4 Kd7 52. Re5 Rh7 53. Rg5 b6 54. Nf5 bxc5 55. Ke5 Kc7 56. Rg7+ Rxg7 57. Nxg7 Bd7 58. Kd5 Kb6 59. Kc4 Bg4 60. Ne8 Kc6 61. Nf6 Bf3 62. Kd3 Kd6 63. Kc4 Kc6 64. Kd3 Bd5 65. Ng4 Kb5 66. Ne3 Be6 67. Kc3 Ka4 68. Kb2 a5 69. Nd1 Kb5 1/2-1/2

[Event "6th Vardaris Open 2020"]
[Site "Thessaloniki"]
[Date "2020.02.29"]
[Round "4.7"]
[White "Samaridis, Konstantinos"]
[Black "Krallis, Christos"]
[Result "1/2-1/2"]
[WhiteElo "2104"]
[BlackElo "2276"]
[Annotator "TA"]
[PlyCount "64"]
[EventDate "2020.02.27"]
[EventType "swiss"]
[EventCountry "GRE"]
[SourceTitle "playchess.com"]
[Source "ChessBase"]
[SourceQuality "1"]

{[%evp 17,64,0,2,0,7,0,0,-8,11,10,26,28,17,11,11,8,2,8,16,18,16,18,27,19,29,20,31,15,25,25,29,20,30,37,18,7,13,8,13,14,29,27,49,0,0,0,10,13,11]} 1. e4 e5 2. Nf3 Nc6 3. Nc3 Nf6 4. d4 exd4 5. Nxd4 Bb4 6. Nxc6 bxc6 7. Bd3 d5 8. exd5 O-O 9. O-O cxd5 10. h3 {C47: Scotch Four Knights and Four Knights with 4 g3.} c6 11. Qf3 Bd6 12. Bf4 Rb8 13. b3 Rb4 14. Bxd6 Qxd6 15. Qg3 Qxg3 16. fxg3 Be6 17. g4 Nd7 {[#]} 18. Ne2 $146 ({Predecessor:} 18. Rae1 Re8 19. Na4 Rbb8 20. Rf2 f6 21. Rfe2 Ne5 22. Nc5 Bf7 23. Kf2 Re7 24. a3 {½-½ (30) Ni,S (2315)-Naroditsky,D (2633) Reykjavik 2015}) 18... Nc5 19. c3 Rbb8 20. Bc2 Rfe8 21. Nd4 Bd7 22. Rfe1 Ne6 23. Nf3 c5 24. Ne5 Bb5 25. a4 Ba6 26. Nc6 Rb7 27. b4 $36 {[%mdl 2048] White fights for an advantage.} cxb4 28. cxb4 Bc4 29. b5 Rc7 30. Ra3 a6 {The position is equal.} 31. Bd3 axb5 32. axb5 Rb7 {Accuracy: White = 95%, Black = 100%.} 1/2-1/2

[Event "6th Vardaris Open 2020"]
[Site "Thessaloniki"]
[Date "2020.02.29"]
[Round "4.8"]
[White "Georgakopoulos, Nikolaos"]
[Black "Deligiannis, Paraskevas"]
[Result "0-1"]
[WhiteElo "2367"]
[BlackElo "2038"]
[Annotator "TA"]
[PlyCount "53"]
[EventDate "2020.02.27"]
[EventType "swiss"]
[EventCountry "GRE"]
[SourceTitle "playchess.com"]
[Source "ChessBase"]
[SourceQuality "1"]

{[%evp 22,53,31,43,82,-10,0,0,0,-10,-6,-6,22,22,79,46,39,18,108,109,81,102,443,439,450,443,2316,94,272,262,283,262,351,-872]} 1. c4 Nf6 2. d4 e6 3. Nc3 Bb4 4. Nf3 O-O 5. e3 c5 6. Bd3 d5 7. O-O dxc4 8. Bxc4 cxd4 9. exd4 b6 10. Bg5 Bb7 11. Re1 Be7 12. Ne5 Nbd7 {E54: Nimzo-Indian: Rubinstein: Main Line: 7...dxc4 8 Bxc4.} 13. Nf3 ({White should try} 13. Nxf7 $1 $16 Rxf7 14. Bxe6) 13... Re8 14. Qe2 a6 {[#] The position is equal.} 15. a4 $146 ({Predecessor:} 15. Rad1 Nf8 16. Ne5 Qc7 17. Rd3 b5 18. Bb3 b4 19. Na4 Nd5 20. Bd2 a5 21. Rg3 {1-0 (38) Leenhouts,K (2375)-Cekro,E (2378) Belgium 2013}) 15... Nf8 16. Rad1 Qb8 17. Ne5 Qa7 (17... Qc7 $11 {keeps the balance.}) 18. Bxf6 Bxf6 19. Ng4 $36 {[%mdl 2048] White fights for an advantage.} Be7 (19... Bg5 $11) 20. d5 $16 {[%cal Rd5e6]} Bb4 {aiming for ...exd5.} 21. dxe6 Nxe6 $2 {[%mdl 8192]} (21... fxe6 $16 {is more resistant.} 22. Bb3 Re7) 22. Rd7 $18 {Hoping for Nh6+!} Bxc3 23. bxc3 Qb8 {[#]} (23... Bf3 $142) 24. g3 $2 (24. Nf6+ $1 $18 {[%mdl 512] has better winning chances.} gxf6 25. Qh5) 24... Qc8 $2 (24... Bc8 $16 {was worth a try.} 25. Rd3 b5) 25. Ne5 ({Avoid the trap} 25. Bxe6 $2 Rxe6 26. Nh6+ gxh6 $19) 25... Ng5 {...Rxe5! is the strong threat.} 26. Rxf7 $1 (26. Bxf7+ Nxf7 27. Rxf7 Bd5 $16) 26... Rxe5 {[#]} 27. Qxe5 $4 {[%mdl 8192] Black used his chance. Accuracy: White = 56%, Black = 23%.} ({Not} 27. Rc7+ $2 Kf8 $19) (27. Rxg7+ $1 $18 {[%mdl 512]} Kh8 (27... Kxg7 28. Qxe5+) 28. Rg8+ Qxg8 29. Qxe5+ Qg7 30. Qxg7+ Kxg7 31. Re7+ {[%mdl 64] Double Attack} Kf8 32. Rxb7) 0-1